=LDR 00000nam 2200000 4500 =001 INLIS000000000033566 =005 20130612135519 =008 ***********************************ind** =035 ##$$0010-061300000033566 =041 ##$$a ind =082 ##$$a 728.372 26 =090 ##$$a 728.372 26, Kal p =100 ##$$a KALLO, Erwin =245 ##$$a Panduan Hukum Pemilik : Penghuni Rumah Susun / Erwion Kallo ; editor, Erlan Kallo, Budi Setiawan =260 ##$$a 2009 $b jakarta =300 ##$$a ix, 221 hlm, 21 cm =650 ##$$a Rumah Susun - Panduan Hukum =700 ##$$a Kallo, Erlan =850 ##$$a NBPNMAT